Microsoft access 2010 : (Record no. 300934)
[ view plain ]
| 000 -LEADER | |
|---|---|
| fixed length control field | 00722nam a2200277Ia 4500 |
| 003 - CONTROL NUMBER IDENTIFIER | |
| control field | SMC |
| 005 - DATE AND TIME OF LATEST TRANSACTION | |
| control field | 20180523080516.0 |
| 008 - FIXED-LENGTH DATA ELEMENTS--GENERAL INFORMATION | |
| fixed length control field | 160901s9999 xx 000 0 und d |
| 020 ## - INTERNATIONAL STANDARD BOOK NUMBER | |
| International Standard Book Number | 978-981-4633-84-0 |
| 050 ## - LIBRARY OF CONGRESS CALL NUMBER | |
| Classification number | ComSc QA 76.9 |
| 050 ## - LIBRARY OF CONGRESS CALL NUMBER | |
| Item number | .D3S54 2015 |
| 100 ## - MAIN ENTRY--PERSONAL NAME | |
| Personal name | Shelly, Gary B. |
| 245 ## - TITLE STATEMENT | |
| Title | Microsoft access 2010 : |
| 245 ## - TITLE STATEMENT | |
| Remainder of title | introductory / |
| 245 ## - TITLE STATEMENT | |
| Statement of responsibility, etc | Gary B. Shelly, Philip J. Pratt, Mary Z. Last. |
| 260 ## - PUBLICATION, DISTRIBUTION, ETC. (IMPRINT) | |
| Place of publication, distribution, etc | Singapore : |
| 260 ## - PUBLICATION, DISTRIBUTION, ETC. (IMPRINT) | |
| Name of publisher, distributor, etc | Pearson Education Asia Pte. Ltd., |
| 260 ## - PUBLICATION, DISTRIBUTION, ETC. (IMPRINT) | |
| Date of publication, distribution, etc | 2015 |
| 300 ## - PHYSICAL DESCRIPTION | |
| Extent | 207 pages : |
| 300 ## - PHYSICAL DESCRIPTION | |
| Other physical details | ill. ; |
| 300 ## - PHYSICAL DESCRIPTION | |
| Dimensions | 26 cm. |
| 650 ## - SUBJECT ADDED ENTRY--TOPICAL TERM | |
| Topical term or geographic name as entry element | Microsoft Access. |
| 650 ## - SUBJECT ADDED ENTRY--TOPICAL TERM | |
| Topical term or geographic name as entry element | Relational databases. |
| 650 ## - SUBJECT ADDED ENTRY--TOPICAL TERM | |
| General subdivision | Database management. |
| 942 ## - ADDED ENTRY ELEMENTS (KOHA) | |
| Source of classification or shelving scheme | Library of Congress Classification |
| Koha item type | Books |
| Withdrawn status | Lost status | Source of classification or shelving scheme | Damaged status | Home library | Current library | Shelving location | Date acquired | Source of acquisition | Cost, normal purchase price | Total Checkouts | Full call number | Barcode | Date last seen | Price effective from | Koha item type |
|---|---|---|---|---|---|---|---|---|---|---|---|---|---|---|---|
| Library of Congress Classification | South Mansfield College | South Mansfield College | Information Technology Section | 01/06/2016 | Library Fund | 202.30 | ComSc QA 76.9 .D3S54 2015 | SMC06014 | 09/01/2016 | 09/01/2016 | Books |